[Event "15th PKWN Festival it"]
[Site "Naleczow POL"]
[Date "1979.07.??"]
[Round "10"]
[White "Vogt, Lothar"]
[Black "Ivanovic, Bozidar"]
[Result "1-0"]
[WhiteElo "2500"]
[BlackElo "2460"]
[EventDate "1979.07.14"]
[PlyCount "75"]

1.Nf3 g6 2.e4 c6 3.d4 d5 4.Nc3 Bg4 5.Be3 Qb6 6.Qd2 Bxf3 7.gxf3 e6 8.h4 h5 
9.O-O-O Qa5 10.a3 Nd7 11.Kb1 a6 12.Bg5 Qc7 13.Bd3 b5 14.Rhe1 Ngf6 15.exd5 
cxd5 16.Bxg6 Bg7 17.Rxe6+ Kf8 18.Bf4 Qb7 19.Bd6+ Kg8 20.Bf5 Rh6 21.Re7 Qc6
22.Bf4 Rh8 23.Be5 Kf8 24.Bxd7 Nxd7 25.Bxg7+ Kxg7 26.Qg5+ Kf8 27.Nxd5 Nf6 
28.Rc7 Qxd5 29.Qxf6 Rh7 30.Qe7+ Kg8 31.Rg1+ Rg7 32.Rxg7+ Kxg7 33.Qe4 Rd8 
34.c3 Qd6 35.Rc5 Qh6 36.Qe5+ Qf6 37.Qxf6+ Kxf6 38.Rxh5 1-0

[Event "15th PKWN Festival it"]
[Site "Naleczow POL"]
[Date "1979.07.??"]
[Round "10"]
[White "Kuligowski, Adam"]
[Black "Szymczak, Zbigniew"]
[Result "1-0"]
[WhiteElo "2495"]
[BlackElo "2355"]
[EventDate "1979.07.14"]
[PlyCount "59"]

1.d4 Nf6 2.c4 d6 3.Nc3 Nbd7 4.e4 e5 5.Nge2 g6 6.f3 c6 7.Bg5 Bg7 8.d5 h6 9.
Be3 cxd5 10.cxd5 a5 11.Nb5 Nc5 12.Rc1 b6 13.Nec3 O-O 14.Be2 Nh5 15.O-O f5 
16.exf5 gxf5 17.b3 Nf4 18.Bc4 Rf6 19.Bxf4 exf4 20.Ne2 h5 21.Nxf4 Bh6 22.
Qd4 h4 23.Rce1 Bxf4 24.Qxf4 Rg6 25.Nd4 h3 26.g3 Qf8 27.Ne6 Qf6 28.Qxd6 f4 
29.Qxf4 Bxe6 30.Qxf6 1-0

[Event "15th PKWN Festival it"]
[Site "Naleczow POL"]
[Date "1979.07.??"]
[Round "10"]
[White "Prandstetter, Eduard"]
[Black "Bilek, Istvan"]
[Result "1/2-1/2"]
[WhiteElo "2385"]
[BlackElo "2460"]
[EventDate "1979.07.14"]
[PlyCount "22"]

1.e4 e5 2.Nc3 Nc6 3.g3 Bc5 4.Bg2 a6 5.Nf3 d6 6.O-O Nge7 7.d3 O-O 8.Be3 Bg4
9.h3 Bxf3 10.Bxf3 Nd4 11.Bxd4 1/2-1/2

[Event "15th PKWN Festival it"]
[Site "Naleczow POL"]
[Date "1979.07.??"]
[Round "10"]
[White "Ghinda, Mihail Viorel"]
[Black "Jamroz, Zbigniew"]
[Result "1-0"]
[WhiteElo "2455"]
[BlackElo "2345"]
[EventDate "1979.07.14"]
[PlyCount "54"]

1.e4 c5 2.Nf3 d6 3.d4 cxd4 4.Nxd4 Nc6 5.Nc3 e6 6.Be3 Nf6 7.f4 Be7 8.Qf3 e5
9.Nxc6 bxc6 10.f5 Qa5 11.O-O-O O-O 12.Bc4 Bb7 13.g4 d5 14.exd5 e4 15.Qh3 
Nxd5 16.Nxe4 Qa4 17.Bxd5 cxd5 18.Nc3 Qa5 19.Bd4 Bb4 20.a3 Bd6 21.f6 Rfc8 
22.fxg7 Ba6 23.Rde1 Bf4+ 24.Kb1 Rab8 25.Na2 Qa4 26.Nc3 Qxa3 27.Nxd5 1-0

[Event "15th PKWN Festival it"]
[Site "Naleczow POL"]
[Date "1979.07.??"]
[Round "10"]
[White "Fedorowicz, John"]
[Black "Nicevski, Risto"]
[Result "0-1"]
[WhiteElo "2405"]
[BlackElo "2380"]
[EventDate "1979.07.14"]
[PlyCount "84"]

1.d4 Nf6 2.c4 g6 3.Nc3 Bg7 4.e4 O-O 5.Be3 d6 6.f3 e5 7.Nge2 c6 8.Qb3 Na6 
9.O-O-O Qc7 10.Kb1 exd4 11.Nxd4 Re8 12.g4 Nc5 13.Qc2 a5 14.h4 h5 15.gxh5 
Nxh5 16.Rg1 Qe7 17.Bg5 Qe5 18.Qc1 a4 19.a3 Ra6 20.Be2 Rb6 21.f4 Qxd4 22.
Rxd4 Bxd4 23.Rd1 Bxc3 24.Qxc3 Rb3 25.Qc2 Ng3 26.Ka1 Nxe2 27.Qxe2 Rxe4 28.
Qg2 Bf5 29.Bf6 Rxc4 30.Qg5 Ne4 31.Qg1 Nxf6 32.Rxd6 Kg7 33.Rd2 Nh5 34.Rd4 
Rc2 35.Rb4 Rcxb2 36.Rxb3 Rxb3 37.Qd4+ Kh7 38.Qxa4 Rb5 39.Qc4 Kg8 40.Qd4 
Rd5 41.Qa7 b5 42.Qa8+ Kg7 0-1

[Event "15th PKWN Festival it"]
[Site "Naleczow POL"]
[Date "1979.07.??"]
[Round "10"]
[White "Luczak, Andrzej"]
[Black "Moiseev, Oleg"]
[Result "1-0"]
[WhiteElo "2440"]
[BlackElo "2425"]
[EventDate "1979.07.14"]
[PlyCount "62"]

1.d4 Nf6 2.c4 e6 3.Nc3 Bb4 4.e3 O-O 5.Bd3 c5 6.Nf3 d5 7.O-O cxd4 8.exd4 
dxc4 9.Bxc4 b6 10.Bg5 Bb7 11.Rc1 Bxc3 12.Rxc3 Nbd7 13.Qe2 Qb8 14.Rcc1 Ng4 
15.g3 Qd6 16.Bf4 Qb4 17.Ng5 Ngf6 18.Nxf7 Rxf7 19.Qxe6 Qf8 20.Be5 Re8 21.
Qxf7+ Qxf7 22.Bxf7+ Kxf7 23.Rc7 Ba6 24.Bxf6 Bxf1 25.Kxf1 Kxf6 26.Rxd7 Rc8 
27.Rxa7 Rc1+ 28.Kg2 Rc2 29.b3 Rd2 30.Ra6 Kf5 31.a4 1-0

[Event "15th PKWN Festival it"]
[Site "Naleczow POL"]
[Date "1979.07.??"]
[Round "10"]
[White "Tseitlin, Mark"]
[Black "Jakobsen, Ole"]
[Result "1/2-1/2"]
[WhiteElo "2505"]
[BlackElo "2415"]
[EventDate "1979.07.14"]
[PlyCount "112"]

1.e4 c5 2.Nf3 e6 3.Nc3 a6 4.d4 cxd4 5.Nxd4 Qc7 6.g3 Bb4 7.Ne2 Be7 8.Bg2 
Nf6 9.O-O Nc6 10.Bf4 d6 11.Qd2 O-O 12.Rad1 Ne5 13.h3 b5 14.g4 b4 15.Nb1 a5
16.b3 Bb7 17.Qe3 Qxc2 18.Rd2 Qc7 19.Rc1 Qb8 20.Rdc2 Rc8 21.Rxc8+ Bxc8 22.
Nd4 Bb7 23.Nd2 Qd8 24.Bg3 Rc8 25.Rxc8 Qxc8 26.f4 Qc1+ 27.Nf1 Qxe3+ 28.Nxe3
Nd3 29.Nc4 Nxe4 30.Nxa5 Nxg3 31.Bxb7 d5 32.Kg2 Ne4 33.f5 Nec5 34.fxe6 fxe6
35.Bc8 Kf7 36.Nac6 Bf6 37.Nb5 e5 38.Nd6+ Kf8 39.Bf5 g6 40.Bxd3 Nxd3 41.Nb5
Be7 42.Nc7 d4 43.Kf3 Nf4 44.Nxe7 Kxe7 45.Ke4 d3 46.Ke3 Kd6 47.Na6 Nxh3 48.
Nxb4 Nf4 49.g5 e4 50.a4 Kc5 51.Na6+ Kb6 52.Nb4 Kc5 53.Na6+ Kb6 54.Nb4 Ng2+
55.Kxe4 d2 56.Nd5+ Kc5 1/2-1/2

[Event "15th PKWN Festival it"]
[Site "Naleczow POL"]
[Date "1979.07.??"]
[Round "11"]
[White "Szymczak, Zbigniew"]
[Black "Fedorowicz, John"]
[Result "1/2-1/2"]
[WhiteElo "2355"]
[BlackElo "2405"]
[EventDate "1979.07.14"]
[PlyCount "156"]

1.d4 Nf6 2.c4 c5 3.d5 b5 4.cxb5 a6 5.bxa6 g6 6.b3 Bg7 7.Bb2 d6 8.g3 O-O 9.
Bg2 Nxa6 10.e4 c4 11.bxc4 Nc5 12.Ne2 Ncxe4 13.Bxe4 Nxe4 14.Bxg7 Kxg7 15.
Qd4+ Nf6 16.O-O Kg8 17.Nbc3 Nd7 18.Rab1 Nc5 19.Rfd1 Bf5 20.Rb5 Qc7 21.Qe3 
Ra3 22.Nd4 Bd7 23.Nc2 Rxc3 24.Rxc5 Qxc5 25.Qxc3 Rc8 26.Ne3 Rb8 27.Kg2 Qb4 
28.Qxb4 Rxb4 29.Rd3 Ba4 30.Ra3 Kg7 31.Kf3 f5 32.Rc3 Kf6 33.h4 Ke5 34.Rd3 
h6 35.Rd2 g5 36.hxg5 hxg5 37.Re2 Kf6 38.Re1 Rb2 39.g4 fxg4+ 40.Nxg4+ Kf7 
41.Nh6+ Kf8 42.Nf5 Rb7 43.Kg4 Bd7 44.Kxg5 Bxf5 45.Kxf5 Rb2 46.Ra1 Rxf2+ 
47.Ke4 Ke8 48.a4 Kd7 49.a5 Kc7 50.a6 Kb8 51.Kd4 Ka7 52.Re1 Rf4+ 53.Kc3 Rf7
54.Ra1 Rf2 55.Kb3 Rh2 56.Re1 Rh7 57.Ra1 Rh2 58.c5 dxc5 59.Kc4 Rc2+ 60.Kb5 
c4 61.Re1 Rb2+ 62.Kxc4 Kxa6 63.Rxe7 Kb6 64.Kd4 Rh2 65.Ke5 Rh5+ 66.Kd6 Rh6+
67.Re6 Rh7 68.Rg6 Kb7 69.Rf6 Kb6 70.Re6 Rh2 71.Ke5+ Kc7 72.Re7+ Kd8 73.Kd6
Rh6+ 74.Re6 Rh7 75.Rg6 Rd7+ 76.Ke5 Re7+ 77.Re6 Kd7 78.Kf6 Rh7 1/2-1/2

[Event "15th PKWN Festival it"]
[Site "Naleczow POL"]
[Date "1979.07.??"]
[Round "11"]
[White "Bilek, Istvan"]
[Black "Przewoznik, Jan"]
[Result "1/2-1/2"]
[WhiteElo "2460"]
[BlackElo "2240"]
[EventDate "1979.07.14"]
[PlyCount "20"]

1.c4 Nf6 2.Nc3 e6 3.Nf3 d5 4.d4 Be7 5.Bg5 O-O 6.e3 Nbd7 7.cxd5 exd5 8.Bd3 
c6 9.O-O Re8 10.Qc2 Nf8 1/2-1/2

[Event "15th PKWN Festival it"]
[Site "Naleczow POL"]
[Date "1979.07.??"]
[Round "11"]
[White "Espig, Lutz"]
[Black "Schussler, Harry"]
[Result "1/2-1/2"]
[WhiteElo "2450"]
[BlackElo "2460"]
[EventDate "1979.07.14"]
[PlyCount "44"]

1.e4 e5 2.Nf3 Nf6 3.Nxe5 d6 4.Nf3 Nxe4 5.Qe2 Qe7 6.d3 Nf6 7.Bg5 Qxe2+ 8.
Bxe2 Be7 9.Nc3 c6 10.O-O-O Na6 11.Rde1 Nc7 12.Nd4 Ne6 13.Be3 Nxd4 14.Bxd4 
O-O 15.f4 d5 16.Bf3 Bd6 17.Be5 Bxe5 18.fxe5 Ne8 19.Rhf1 f6 20.exf6 Nxf6 
21.Re7 Bd7 22.Kd2 Rae8 1/2-1/2

[Event "15th PKWN Festival it"]
[Site "Naleczow POL"]
[Date "1979.07.??"]
[Round "11"]
[White "Jakobsen, Ole"]
[Black "Prandstetter, Eduard"]
[Result "1/2-1/2"]
[WhiteElo "2415"]
[BlackElo "2385"]
[EventDate "1979.07.14"]
[PlyCount "32"]

1.d4 d5 2.c4 e6 3.Nc3 Nf6 4.Bg5 Be7 5.Nf3 O-O 6.e3 Nbd7 7.Qc2 c5 8.Rd1 Qa5
9.Nd2 cxd4 10.Nb3 Qb6 11.Rxd4 h6 12.Bh4 e5 13.Rd2 dxc4 14.Bxc4 Qb4 15.Bxf6
Nxf6 16.Nd5 1/2-1/2

[Event "15th PKWN Festival it"]
[Site "Naleczow POL"]
[Date "1979.07.??"]
[Round "11"]
[White "Moiseev, Oleg"]
[Black "Vogt, Lothar"]
[Result "0-1"]
[WhiteElo "2425"]
[BlackElo "2500"]
[EventDate "1979.07.14"]
[PlyCount "66"]

1.d4 g6 2.Nf3 Bg7 3.c4 d6 4.Nc3 Nd7 5.g3 Ngf6 6.Bg2 O-O 7.O-O e5 8.Qc2 
exd4 9.Nxd4 Nb6 10.b3 c5 11.Ndb5 a6 12.Na3 Bf5 13.Qd2 d5 14.e3 dxc4 15.
Bxb7 Ra7 16.Bf3 Rd7 17.Qe1 cxb3 18.axb3 Bh3 19.Bg2 Bxg2 20.Kxg2 Ne4 21.
Nab1 Nxc3 22.Nxc3 Nd5 23.Bb2 Nb4 24.Rd1 Nd3 25.Qe2 Nxb2 26.Rxd7 Qxd7 27.
Qxb2 Qb7+ 28.Kg1 Qb4 29.Rc1 c4 30.Qc2 cxb3 31.Nd5 bxc2 32.Nxb4 Rb8 33.Nxc2
Rc8 0-1

[Event "15th PKWN Festival it"]
[Site "Naleczow POL"]
[Date "1979.07.??"]
[Round "11"]
[White "Nicevski, Risto"]
[Black "Tseitlin, Mark"]
[Result "1-0"]
[WhiteElo "2380"]
[BlackElo "2505"]
[EventDate "1979.07.14"]
[PlyCount "138"]

1.e4 e5 2.Nf3 Nc6 3.Bb5 f5 4.Nc3 fxe4 5.Nxe4 Nf6 6.Qe2 Qe7 7.O-O d5 8.Ng3 
e4 9.Nd4 Bd7 10.Bxc6 bxc6 11.d3 exd3 12.Qxd3 Qb4 13.c3 Qc4 14.Re1+ Kf7 15.
Qc2 Re8 16.Rxe8 Nxe8 17.Bf4 Bd6 18.Bxd6 cxd6 19.Re1 g6 20.b3 Qa6 21.Nf3 h6
22.Nh4 Rg8 23.Qd2 Rg7 24.Qf4+ Kg8 25.Qxh6 Qd3 26.Qe3 Qxe3 27.Rxe3 Nf6 28.
h3 Kf7 29.f4 Rg8 30.Nf3 Re8 31.Kf2 c5 32.Rxe8 Kxe8 33.Ke3 a5 34.Ne2 a4 35.
g4 Ke7 36.Ng3 a3 37.Nd2 d4+ 38.cxd4 Nd5+ 39.Kf3 cxd4 40.Nc4 Bc6 41.Nxa3 
Nc3+ 42.Kf2 Nxa2 43.f5 Nc1 44.fxg6 Nxb3 45.Nf5+ Kf6 46.g7 Bd5 47.Nb5 d3 
48.Nc3 Be6 49.Ne4+ Kg6 50.Nfxd6 Kxg7 51.Ke3 Nc1 52.Nc5 Bd5 53.Nde4 Ne2 54.
Nxd3 Ng1 55.h4 Be6 56.Kf2 Bxg4 57.Kxg1 Bf5 58.Ndf2 Kg6 59.Kh2 Kh5 60.Kg3 
Bc8 61.Nd6 Ba6 62.Nh3 Bf1 63.Nf4+ Kh6 64.Kg4 Ba6 65.h5 Bf1 66.Nf5+ Kh7 67.
Kg5 Bc4 68.Nd6 Bb3 69.Ne4 1-0

[Event "15th PKWN Festival it"]
[Site "Naleczow POL"]
[Date "1979.07.??"]
[Round "12"]
[White "Luczak, Andrzej"]
[Black "Plachetka, Jan"]
[Result "1/2-1/2"]
[WhiteElo "2440"]
[BlackElo "2445"]
[EventDate "1979.07.14"]
[PlyCount "93"]

1.e4 d6 2.d4 Nf6 3.Nc3 g6 4.Bg5 Nbd7 5.f4 Bg7 6.e5 Ng8 7.Qd2 f6 8.Bh4 Nb6 
9.Bd3 Nh6 10.Nf3 Bf5 11.O-O-O Bxd3 12.Qxd3 dxe5 13.fxe5 O-O 14.d5 Nf5 15.
Bf2 fxe5 16.Ne4 c6 17.dxc6 Qxd3 18.Rxd3 bxc6 19.Bg3 Nc4 20.Re1 Rad8 21.
Rxd8 Rxd8 22.b3 Nce3 23.Re2 Rd1+ 24.Kb2 Nxg3 25.hxg3 Nf5 26.c3 Nd6 27.Nc5 
Rd5 28.b4 h6 29.Kb3 Kf7 30.Nd2 h5 31.Nde4 Nxe4 32.Nxe4 Ke6 33.a4 Rd1 34.
Kc4 Bf6 35.Kc5 Kd7 36.Rd2+ Rxd2 37.Nxd2 Bg5 38.Ne4 Be3+ 39.Kc4 Ke6 40.Kd3 
Bg1 41.c4 Bd4 42.b5 cxb5 43.axb5 Bg1 44.g4 hxg4 45.g3 Bd4 46.Kc2 Kf5 47.
Kd3 1/2-1/2

[Event "15th PKWN Festival it"]
[Site "Naleczow POL"]
[Date "1979.07.??"]
[Round "12"]
[White "Vogt, Lothar"]
[Black "Kuligowski, Adam"]
[Result "1-0"]
[WhiteElo "2500"]
[BlackElo "2495"]
[EventDate "1979.07.14"]
[PlyCount "149"]

1.Nf3 Nf6 2.c4 c5 3.g3 d5 4.cxd5 Nxd5 5.Bg2 Nc6 6.Nc3 g6 7.Qb3 Nb6 8.Ne4 
e5 9.d3 Be6 10.Qc2 f6 11.Nxc5 Nb4 12.Qc3 Bxc5 13.Qxc5 Qe7 14.Qxe7+ Kxe7 
15.Kd1 Nxa2 16.Be3 Rhc8 17.Bxb6 axb6 18.Kd2 Ra5 19.Rhb1 Bb3 20.Ke3 Nb4 21.
Ne1 Bd5 22.Bxd5 Nxd5+ 23.Kd2 Rca8 24.Nc2 Kd6 25.e4 Nc7 26.Ra3 R8a6 27.Rb3 
Rc5 28.d4 exd4 29.Nxd4 Ne6 30.Nxe6 Kxe6 31.Rc1 Rxc1 32.Kxc1 Kd6 33.Kd2 Kc7
34.g4 Ra4 35.Ke3 Ra1 36.Kf4 Rf1 37.f3 Rh1 38.Kg3 Kc6 39.Rc3+ Kd7 40.Rd3+ 
Kc7 41.h4 Rg1+ 42.Kf4 Rh1 43.Kg3 Rg1+ 44.Kh2 Rb1 45.Rd2 h6 46.Kg3 Rg1+ 47.
Rg2 Rf1 48.Rc2+ Kd7 49.Rd2+ Kc7 50.Rd5 Rc1 51.g5 fxg5 52.hxg5 h5 53.Re5 
Rc5 54.Kf4 Kd7 55.b4 Rc4 56.Rd5+ Ke6 57.Rd8 b5 58.Rg8 Kf7 59.Rb8 Rc7 60.
Ke5 Kg7 61.Kd6 Rf7 62.e5 Rxf3 63.Rxb7+ Kf8 64.Rxb5 h4 65.e6 Rd3+ 66.Ke5 h3
67.Rb8+ Kg7 68.Rb7+ Kg8 69.Kf6 h2 70.Kxg6 Kf8 71.Rf7+ Ke8 72.Rh7 Rd2 73.b5
Rb2 74.Kf6 Rf2+ 75.Ke5 1-0

[Event "15th PKWN Festival it"]
[Site "Naleczow POL"]
[Date "1979.07.??"]
[Round "12"]
[White "Moiseev, Oleg"]
[Black "Jamroz, Zbigniew"]
[Result "1-0"]
[WhiteElo "2425"]
[BlackElo "2345"]
[EventDate "1979.07.14"]
[PlyCount "174"]

1.d4 Nf6 2.c4 e6 3.Nc3 Bb4 4.e3 O-O 5.Ne2 d5 6.a3 Be7 7.cxd5 exd5 8.g3 c6 
9.Bg2 Na6 10.O-O Nc7 11.Nf4 Re8 12.b3 Bd6 13.Nd3 Bf5 14.f3 Ne6 15.Ra2 c5 
16.dxc5 Bxd3 17.Qxd3 Nxc5 18.Qd1 Be5 19.Ne2 Qb6 20.b4 Ne6 21.Kh1 Rad8 22.
Qd3 Nc7 23.Rd1 Ne6 24.Bd2 Qc6 25.Rc1 Qb6 26.Rac2 h5 27.Be1 h4 28.Bf2 hxg3 
29.hxg3 g6 30.Kg1 Bb8 31.Qc3 Ng5 32.Qd4 Qxd4 33.Nxd4 Kg7 34.Ne2 a6 35.Rd1 
Ba7 36.Rd3 Rc8 37.Rdc3 Rxc3 38.Rxc3 Bb6 39.Nf4 Ne6 40.Nxe6+ Rxe6 41.a4 Re7
42.a5 Bc7 43.Rd3 Bb8 44.Bf1 Ba7 45.Rc3 Ne8 46.Rd3 Nf6 47.Rb3 Ne8 48.g4 Nd6
49.Rc3 Ne8 50.Rd3 Nc7 51.Bg2 g5 52.Kf1 Rd7 53.Bg3 f6 54.f4 gxf4 55.Bxf4 b6
56.axb6 Bxb6 57.Rc3 Ne6 58.Bg3 Bc7 59.Bf2 Be5 60.Rc6 Nc7 61.Bf3 Rd8 62.Be2
Ra8 63.Be1 Ra7 64.Kg2 Kf7 65.Bd3 Ke7 66.Bf5 Rb7 67.Bc8 Rb8 68.Bf5 Rb7 69.
Kf3 Ra7 70.Ke2 Rb7 71.Kd3 Ra7 72.Bd2 Rb7 73.Be1 Ra7 74.e4 dxe4+ 75.Kxe4 
Rb7 76.Bd2 Rb5 77.Kf3 Bd6 78.Be1 Nd5 79.Bd3 Rb8 80.Rxd6 Nxb4 81.Bxb4 Rxb4 
82.Rxa6 Kf7 83.Ra7+ Kf8 84.Be4 Rb5 85.Kg3 Re5 86.Kf4 Rg5 87.Bf5 1-0

[Event "15th PKWN Festival it"]
[Site "Naleczow POL"]
[Date "1979.07.??"]
[Round "12"]
[White "Fedorowicz, John"]
[Black "Ivanovic, Bozidar"]
[Result "1/2-1/2"]
[WhiteElo "2405"]
[BlackElo "2460"]
[EventDate "1979.07.14"]
[PlyCount "149"]

1.d4 Nf6 2.c4 g6 3.Nc3 Bg7 4.e4 O-O 5.f4 c5 6.d5 d6 7.Nf3 a6 8.a4 e6 9.Be2
exd5 10.exd5 Re8 11.O-O Bf5 12.Nh4 Nxd5 13.Nxd5 Qxh4 14.Nc7 Nc6 15.Nxa8 
Nd4 16.Bf3 Bc2 17.Qd2 Nxf3+ 18.gxf3 Bd4+ 19.Kh1 Qh3 20.Qg2 Qxg2+ 21.Kxg2 
Rxa8 22.Bd2 Bd3 23.Rfe1 Bxb2 24.Ra2 Bd4 25.Rc1 Re8 26.Ba5 Re3 27.Bc7 Re6 
28.a5 h5 29.Kg3 Kf8 30.Rd2 Bf5 31.Rcd1 Ke7 32.Rxd4 cxd4 33.Rxd4 Kd7 34.Bb8
Kc6 35.Rd5 Re8 36.Bxd6 Be6 37.Rd4 Bxc4 38.Be5 Bd5 39.Rb4 Kc5 40.Rb2 Bc6 
41.Kf2 Rd8 42.Ke3 Bb5 43.Rd2 Re8 44.Kf2 Kb4 45.Bc7 Kc3 46.Rd8 Re2+ 47.Kg3 
Bc6 48.Bb6 Kc4 49.Rf8 Bd5 50.Rc8+ Kb4 51.Rd8 Rd2 52.h3 Kc4 53.Rc8+ Bc6 54.
Rf8 f5 55.Rg8 Rd3 56.Rxg6 Rxf3+ 57.Kh4 Rxf4+ 58.Kxh5 Rf3 59.Kg5 Be4 60.Rh6
Kd5 61.Bc7 Rf1 62.Rd6+ Kc4 63.Rd2 Bd3 64.Rh2 Kd5 65.h4 Rg1+ 66.Kf6 Rc1 67.
Bb6 f4 68.h5 f3 69.h6 Rc6+ 70.Kg5 Bh7 71.Kf4 Rf6+ 72.Ke3 Kc4 73.Rh4+ Kb5 
74.Rh5+ Kc6 75.Kf2 1/2-1/2

[Event "15th PKWN Festival it"]
[Site "Naleczow POL"]
[Date "1979.07.??"]
[Round "12"]
[White "Ghinda, Mihail Viorel"]
[Black "Espig, Lutz"]
[Result "0-1"]
[WhiteElo "2455"]
[BlackElo "2450"]
[EventDate "1979.07.14"]
[PlyCount "112"]

1.e4 c5 2.Nf3 e6 3.d4 cxd4 4.Nxd4 Nf6 5.Nc3 d6 6.f4 Be7 7.Be3 O-O 8.g4 e5 
9.Nf5 Bxf5 10.gxf5 exf4 11.Bxf4 Re8 12.Qf3 Nc6 13.O-O-O Qa5 14.Rg1 Ne5 15.
Qg2 g6 16.Bxe5 Qxe5 17.Bc4 Kg7 18.Bxf7 Kxf7 19.fxg6+ hxg6 20.Qxg6+ Ke6 21.
Qg2 Rh8 22.Qe2 Rac8 23.Qe3 Rxc3 24.bxc3 Rxh2 25.Rd4 Bf8 26.Qd3 Qc5 27.Rf1 
Be7 28.Kb2 Rh5 29.Rb4 Qc6 30.a4 Kd7 31.Qd4 Re5 32.Qxa7 Kc7 33.Re1 Rxe4 34.
Qa5+ Kb8 35.Rexe4 Nxe4 36.Rb6 Qc7 37.Rb5 Qxa5 38.Rxa5 Bf6 39.Kb3 Bxc3 40.
Rh5 Be5 41.Rh4 Nc5+ 42.Kb4 Ka7 43.Rg4 Kb6 44.Rh4 Kc6 45.Rc4 Bg3 46.Rg4 
Be1+ 47.Ka3 b6 48.Rg5 Bc3 49.Rh5 Ne4 50.Kb3 d5 51.Rh3 Ba5 52.Rh8 Kc5 53.
Rc8+ Kd4 54.Rd8 Nc5+ 55.Ka3 Kc4 56.Rd6 Bb4+ 0-1

[Event "15th PKWN Festival it"]
[Site "Naleczow POL"]
[Date "1979.07.??"]
[Round "12"]
[White "Prandstetter, Eduard"]
[Black "Nicevski, Risto"]
[Result "1/2-1/2"]
[WhiteElo "2385"]
[BlackElo "2380"]
[EventDate "1979.07.14"]
[PlyCount "110"]

1.e4 c5 2.Nf3 d6 3.d4 cxd4 4.Qxd4 a6 5.c4 Bg4 6.Be2 Nf6 7.Nc3 Nc6 8.Qd2 g6
9.b3 Bg7 10.Bb2 O-O 11.h3 Bxf3 12.Bxf3 Rb8 13.O-O Nd7 14.Nd5 Bxb2 15.Qxb2 
e6 16.Nc3 Qf6 17.Kh1 Nd4 18.Ne2 Nxf3 19.Qxf6 Nxf6 20.gxf3 Rfd8 21.Rad1 Kf8
22.Rd4 Ke7 23.Rfd1 Rbc8 24.f4 Ne8 25.Kg2 b5 26.cxb5 axb5 27.Rb4 Rc5 28.Nd4
Nc7 29.a4 bxa4 30.bxa4 e5 31.Nb3 Rc3 32.fxe5 dxe5 33.Rxd8 Kxd8 34.Na5 Ne6 
35.Rb3 Nf4+ 36.Kh2 Rc2 37.Kg3 Kd7 38.Nb7 Kc7 39.a5 Ra2 40.h4 h5 41.Rb5 f6 
42.Rb3 Ra1 43.Kh2 Rf1 44.Rb2 Nd3 45.Rd2 Ne1 46.Rb2 g5 47.hxg5 fxg5 48.Nc5 
Kd6 49.Nb3 g4 50.Nd2 Rxf2+ 51.Kg1 Rf8 52.Nc4+ Kc5 53.Nxe5 Nf3+ 54.Nxf3 
Rxf3 55.Rh2 1/2-1/2

[Event "15th PKWN Festival it"]
[Site "Naleczow POL"]
[Date "1979.07.??"]
[Round "12"]
[White "Przewoznik, Jan"]
[Black "Jakobsen, Ole"]
[Result "1/2-1/2"]
[WhiteElo "2240"]
[BlackElo "2415"]
[EventDate "1979.07.14"]
[PlyCount "34"]

1.e4 c5 2.Nf3 e6 3.d4 cxd4 4.Nxd4 a6 5.Bd3 g6 6.O-O Bg7 7.c3 d6 8.Nd2 Nf6 
9.N2f3 O-O 10.h3 Qc7 11.Bg5 Nbd7 12.Re1 b6 13.Rc1 Bb7 14.b4 e5 15.Nb3 d5 
16.exd5 Bxd5 17.c4 Bb7 1/2-1/2

[Event "15th PKWN Festival it"]
[Site "Naleczow POL"]
[Date "1979.07.??"]
[Round "12"]
[White "Tseitlin, Mark"]
[Black "Szymczak, Zbigniew"]
[Result "1-0"]
[WhiteElo "2505"]
[BlackElo "2355"]
[EventDate "1979.07.14"]
[PlyCount "88"]

1.e4 c5 2.Nf3 Nc6 3.d4 cxd4 4.Nxd4 Nf6 5.Nc3 d6 6.Bg5 e6 7.Qd2 a6 8.O-O-O 
Bd7 9.Be2 Be7 10.f4 Nxd4 11.Qxd4 Bc6 12.Bf3 O-O 13.e5 dxe5 14.fxe5 Qxd4 
15.Rxd4 Nd5 16.Ne4 Bxg5+ 17.Nxg5 Ne7 18.Bxc6 Nxc6 19.Rd7 Rab8 20.Nf3 Rfd8 
21.Rhd1 Kf8 22.c4 Ke8 23.Rxd8+ Rxd8 24.Rxd8+ Kxd8 25.Kd2 Ke7 26.Kc3 f6 27.
b4 fxe5 28.b5 axb5 29.cxb5 Na7 30.a4 Kd6 31.Kc4 e4 32.Ng5 e3 33.Kd3 Kc5 
34.Nxe6+ Kb4 35.Nd8 Kxa4 36.b6 Nc8 37.Nxb7 Nxb6 38.Kxe3 Kb5 39.Nd6+ Kc5 
40.Ne8 Kd5 41.Kf4 Ke6 42.Nxg7+ Kf6 43.Nh5+ Kg6 44.Kg4 Nd7 {..91} 1-0

[Event "15th PKWN Festival it"]
[Site "Naleczow POL"]
[Date "1979.07.??"]
[Round "12"]
[White "Schussler, Harry"]
[Black "Bilek, Istvan"]
[Result "1/2-1/2"]
[WhiteElo "2460"]
[BlackElo "2460"]
[EventDate "1979.07.14"]
[PlyCount "26"]

1.c4 c5 2.Nc3 e6 3.g3 Nf6 4.Nf3 b6 5.Bg2 Bb7 6.O-O Be7 7.b3 O-O 8.Bb2 d5 
9.cxd5 Nxd5 10.d4 Nd7 11.Rc1 Nxc3 12.Bxc3 Rc8 13.Bb2 1/2-1/2

[Event "15th PKWN Festival it"]
[Site "Naleczow POL"]
[Date "1979.07.??"]
[Round "13"]
[White "Jakobsen, Ole"]
[Black "Schussler, Harry"]
[Result "1/2-1/2"]
[WhiteElo "2415"]
[BlackElo "2460"]
[EventDate "1979.07.14"]
[PlyCount "88"]

1.d4 Nf6 2.c4 e6 3.Nf3 b6 4.a3 Bb7 5.Nc3 d5 6.cxd5 exd5 7.Bf4 Bd6 8.Bxd6 
Qxd6 9.Rc1 a6 10.g3 O-O 11.Bg2 c5 12.dxc5 bxc5 13.Nd2 Nbd7 14.Nc4 Qe6 15.
Na5 Rab8 16.Nxb7 Rxb7 17.b4 Rbb8 18.bxc5 Nxc5 19.Nxd5 Nce4 20.Nxf6+ Nxf6 
21.O-O Qa2 22.Qa4 Rb6 23.e3 Rfb8 24.h3 Rb3 25.Ra1 Qe2 26.Rfe1 Qb5 27.Qd4 
Qa5 28.Rac1 h6 29.Rc5 R3b5 30.Rxb5 Rxb5 31.Qd6 Qc3 32.Rd1 g6 33.Qxa6 Ra5 
34.Qd3 Rxa3 35.Qxc3 Rxc3 36.Bf3 Kg7 37.Kg2 Rc5 38.Rd4 Re5 39.h4 Rc5 40.Be2
Re5 41.Bd3 Rd5 42.Kf3 Rxd4 43.exd4 g5 44.hxg5 hxg5 1/2-1/2

[Event "15th PKWN Festival it"]
[Site "Naleczow POL"]
[Date "1979.07.??"]
[Round "13"]
[White "Plachetka, Jan"]
[Black "Moiseev, Oleg"]
[Result "0-1"]
[WhiteElo "2445"]
[BlackElo "2425"]
[EventDate "1979.07.14"]
[PlyCount "84"]

1.e4 c5 2.Nf3 e6 3.d4 cxd4 4.Nxd4 a6 5.Nc3 Qc7 6.f4 d6 7.Bd3 Nf6 8.O-O Be7
9.Nf3 Nbd7 10.Qe1 e5 11.a4 O-O 12.Kh1 b6 13.Bd2 Bb7 14.Nh4 Rfe8 15.Nf5 Bf8
16.Qg3 Kh8 17.Qh4 exf4 18.Bxf4 Ne5 19.Bxe5 Rxe5 20.Ne3 Qd8 21.Qf4 Rc8 22.
Rad1 Rcc5 23.Ncd5 Be7 24.Nc4 Rxc4 25.Nxf6 Rxa4 26.Ng4 Rg5 27.b3 Raa5 28.
Ne3 f6 29.Bc4 Rac5 30.Rf2 Rge5 31.Bd5 Bxd5 32.Nxd5 Bf8 33.c4 b5 34.cxb5 
Rxb5 35.Rf3 Qb8 36.Rdf1 Rxb3 37.Rxb3 Qxb3 38.h3 Qa4 39.Nxf6 gxf6 40.Qxf6+ 
Bg7 41.Qd8+ Qe8 42.Qxd6 Re6 0-1

[Event "15th PKWN Festival it"]
[Site "Naleczow POL"]
[Date "1979.07.??"]
[Round "13"]
[White "Kuligowski, Adam"]
[Black "Fedorowicz, John"]
[Result "1/2-1/2"]
[WhiteElo "2495"]
[BlackElo "2405"]
[EventDate "1979.07.14"]
[PlyCount "82"]

1.e4 c5 2.Nf3 Nc6 3.d4 cxd4 4.Nxd4 Nf6 5.Nc3 e5 6.Ndb5 d6 7.Bg5 a6 8.Na3 
b5 9.Nd5 Be7 10.Bxf6 Bxf6 11.c3 O-O 12.Nc2 Rb8 13.Be2 Bg5 14.O-O Kh8 15.
Qd3 f5 16.Bf3 g6 17.Rfd1 Na5 18.b3 Rb7 19.Re1 Rbf7 20.Re2 Bh4 21.Rf1 f4 
22.Rd2 h5 23.Qe2 Bg5 24.Rd3 Bh6 25.Rfd1 Rg8 26.Ndb4 Bf8 27.Rd5 Qb6 28.c4 
bxc4 29.bxc4 Be6 30.R5d2 Nxc4 31.Nd5 Qb5 32.a4 Qc5 33.Rd3 Nb2 34.Rc3 Qa5 
35.Rc6 Nxd1 36.Rxa6 Qc5 37.Qxd1 Bxd5 38.exd5 Rc7 39.Rc6 Qa5 40.Na3 Rb7 41.
Nb5 Qb4 1/2-1/2

[Event "15th PKWN Festival it"]
[Site "Naleczow POL"]
[Date "1979.07.??"]
[Round "13"]
[White "Bilek, Istvan"]
[Black "Ghinda, Mihail Viorel"]
[Result "1/2-1/2"]
[WhiteElo "2460"]
[BlackElo "2455"]
[EventDate "1979.07.14"]
[PlyCount "22"]

1.Nf3 Nf6 2.g3 c5 3.Bg2 Nc6 4.c4 d5 5.cxd5 Nxd5 6.Nc3 Nc7 7.O-O e5 8.d3 f6
9.Nd2 Bd7 10.Nc4 Be7 11.f4 exf4 1/2-1/2

[Event "15th PKWN Festival it"]
[Site "Naleczow POL"]
[Date "1979.07.??"]
[Round "13"]
[White "Szymczak, Zbigniew"]
[Black "Prandstetter, Eduard"]
[Result "1/2-1/2"]
[WhiteElo "2355"]
[BlackElo "2385"]
[EventDate "1979.07.14"]
[PlyCount "22"]

1.Nf3 b5 2.g3 Nf6 3.Bg2 e6 4.O-O Be7 5.c4 O-O 6.b3 c5 7.Bb2 Nc6 8.e3 bxc4 
9.bxc4 Qb6 10.Qb3 Na5 11.Qxb6 axb6 1/2-1/2

[Event "15th PKWN Festival it"]
[Site "Naleczow POL"]
[Date "1979.07.??"]
[Round "14"]
[White "Moiseev, Oleg"]
[Black "Espig, Lutz"]
[Result "1-0"]
[WhiteElo "2425"]
[BlackElo "2450"]
[EventDate "1979.07.14"]
[PlyCount "100"]

1.d4 Nf6 2.Nf3 d6 3.c4 Nbd7 4.Nc3 e5 5.e4 Be7 6.Be2 O-O 7.O-O c6 8.h3 a6 
9.Qc2 Qc7 10.Be3 Re8 11.Rac1 Bf8 12.d5 Be7 13.b4 c5 14.a3 b6 15.Rb1 h6 16.
Ne1 Nh7 17.Nd3 Bg5 18.Bc1 Bxc1 19.Qxc1 Nhf6 20.Rd1 Rb8 21.Qe3 Bb7 22.Kh2 
Bc8 23.g3 Nf8 24.Rb2 Bd7 25.Rdb1 Ra8 26.a4 cxb4 27.Rxb4 Rab8 28.Rxb6 Rxb6 
29.Rxb6 Qxc4 30.Nxe5 Qc7 31.Nxd7 N8xd7 32.Rc6 Qb8 33.Bxa6 Ne5 34.Rb6 Qc7 
35.Be2 Nc4 36.Bxc4 Qxc4 37.Rxd6 Nxe4 38.Nxe4 Rxe4 39.Rd8+ Kh7 40.Qf3 Kg6 
41.Rd7 f6 42.a5 Re2 43.d6 Ra2 44.Ra7 f5 45.g4 f4 46.d7 Rd2 47.Rb7 Kh7 48.
Kg2 Rd4 49.g5 Qc5 50.g6+ 1-0